[Event "Let's Play Chess!"]
[Site "http://www.queenalice.com/game.php?id=930006"]
[Date "2011.4.25"]
[Round "-"]
[White "redstar"]
[Black "jcmlima"]
[Result "1/2-1/2"]
[WhiteElo "1500"]
[BlackElo "1709"]

1. e4 e5 2. Nf3 Nc6 3. Bb5 Nge7 4. Nc3 d6 5. d4 a6 6. Ba4 b5 7. Bb3 Bg4 8. Be3
Bxf3 9. gxf3 Ng6 10. Ne2 Nh4 11. Ng3 Ng2+ 12. Kf1 Nh4 13. f4 exf4 14. Bxf4 Qd7
15. Be3 Na5 16. Qh5 Nxb3 17. axb3 Be7 18. Bg5 Qh3+ 19. Ke2 g6 20. Qxh4 Qxh4 21.
Bxh4 Bxh4 22. f3 O-O 23. Kd3 a5 24. Ne2 Bf6 25. Nc3 b4 26. Nd5 Bd8 27. c3 c6 28.
Ne3 f5 29. Rhf1 Bc7 30. h3 fxe4+ 31. fxe4 Rxf1 32. Rxf1 c5 33. d5 h5 34. Nc4 Kg7
35. Nd2 Rf8 36. Rxf8 Kxf8 37. Ke3 Kg7 38. Kf3 g5 39. Nc4 Kg6 40. Ne3 h4 41. Kg4
Bd8 42. Nf5 Bc7 43. Ne3 1/2-1/2

[Event "Let's Play Chess!"]
[Site "http://www.queenalice.com/game.php?id=930060"]
[Date "2011.4.26"]
[Round "-"]
[White "jcmlima"]
[Black "jamsession"]
[Result "0-1"]
[WhiteElo "1712"]
[BlackElo "1886"]

1. e4 c5 2. Bc4 e6 3. d3 a6 4. Nf3 d6 5. Nc3 Be7 6. a3 Qc7 7. b4 Nd7 8. Be3 b6
9. O-O Ngf6 10. b5 a5 11. a4 Nf8 12. h3 Ng6 13. Bg5 O-O 14. Ne2 e5 15. Bxf6 Bxf6
16. Bd5 Rb8 17. Ng3 Be6 18. Bxe6 fxe6 19. Nh5 Qe7 20. c4 Qd8 21. Nxf6+ Qxf6 22.
Qe2 Nf4 23. Qe3 Qg6 24. g3 Nxh3+ 25. Kg2 Nf4+ 26. Kh2 Qh5+ 27. Nh4 Ng6 28. Kh3
Nxh4 29. gxh4 Rf3+ 0-1

[Event "Let's Play Chess!"]
[Site "http://www.queenalice.com/game.php?id=941638"]
[Date "2011.5.24"]
[Round "-"]
[White "Abstro"]
[Black "jcmlima"]
[Result "1-0"]
[WhiteElo "1858"]
[BlackElo "1709"]

1. d4 d5 2. c4 dxc4 3. e4 b5 4. Nc3 c6 5. a4 e6 6. axb5 Bb4 7. bxc6 Nxc6 8. Nf3
Na5 9. Qa4+ Bd7 10. Qxb4 Rb8 11. Qxa5 Qxa5 12. Rxa5 Nf6 13. Bxc4 O-O 14. Rxa7
Ra8 15. Rxa8 Rxa8 16. O-O Bc6 17. d5 exd5 18. exd5 Bd7 19. Ne5 1-0

[Event "Let's Play Chess!"]
[Site "http://www.queenalice.com/game.php?id=945574"]
[Date "2011.6.3"]
[Round "-"]
[White "jcmlima"]
[Black "hollis1us"]
[Result "0-1"]
[WhiteElo "1766"]
[BlackElo "1730"]

1. e4 e5 2. Nf3 d6 3. d4 exd4 4. Nxd4 Bd7 5. Nc3 a6 6. Bc4 Nc6 7. Be3 Nxd4 8.
Bxd4 Nf6 9. Bxf6 Qxf6 10. O-O Bc6 11. Re1 O-O-O 12. b4 Qxc3 13. Bd3 Be7 14. a3
Qf6 15. c4 Qe5 16. g3 Bf6 17. Kg2 Qe6 18. Ra2 Bd7 19. b5 axb5 20. Qb3 Qh3+ 21.
Kg1 Qe6 22. a4 c6 23. Rb1 d5 24. axb5 dxc4 25. Qxc4 Qxc4 26. Bxc4 Rhf8 27. bxc6
Bxc6 28. f3 Rd4 29. Ra8+ Kc7 30. Rxf8 Rxc4 31. Rxf7+ Kd6 32. h4 Rc3 33. Rf1 Rc2
34. Rf2 Bd4 0-1

[Event "Challenge"]
[Site "http://www.queenalice.com/game.php?id=945661"]
[Date "2011.6.3"]
[Round "-"]
[White "ztnilz"]
[Black "jcmlima"]
[Result "0-1"]
[WhiteElo "1948"]
[BlackElo "1742"]

1. e4 e5 2. Nf3 Nc6 3. Bc4 d6 4. Nc3 Bg4 5. Nxe5 Nxe5 6. Be2 Bxe2 7. Qxe2 Nf6 8.
d4 Ned7 9. Bg5 Be7 10. h4 g6 11. O-O-O O-O 12. f4 c5 13. e5 Nh5 14. Ne4 d5 15.
Nf6+ Ndxf6 16. exf6 Bxf6 17. Bxf6 Qxf6 18. Qf2 Qxf4+ 19. Qxf4 Nxf4 20. Rh2 Ne2+
21. Kb1 cxd4 22. g4 Rfe8 23. Rhh1 Re4 24. g5 Ng3 25. a3 Nxh1 0-1

[Event "Challenge"]
[Site "http://www.queenalice.com/game.php?id=945662"]
[Date "2011.6.3"]
[Round "-"]
[White "jcmlima"]
[Black "ztnilz"]
[Result "0-1"]
[WhiteElo "1749"]
[BlackElo "1887"]

1. e4 e5 2. Nf3 Qe7 3. d3 g6 4. Nc3 c6 5. Be2 Bg7 6. O-O Nf6 7. Bg5 O-O 8. Bxf6
Bxf6 9. a3 d6 10. h3 Nd7 11. Qd2 Bg7 12. b4 a6 13. Nd1 d5 14. c4 dxc4 15. dxc4
Nf6 16. Ne3 Nxe4 17. Qc2 Nd6 18. Nd2 f5 19. c5 Nb5 20. Bxb5 axb5 21. a4 Qg5 22.
Nf3 Qh6 23. axb5 Rxa1 24. Rxa1 e4 25. Ne5 Bxe5 26. Ra5 cxb5 27. Rxb5 Bf4 28. Nd5
Bg5 29. Qb3 Kh8 30. Nb6 Qg7 31. Qd5 Bd8 32. Nxc8 Bc7 33. Qxb7 Qa1# 0-1

[Event "Challenge"]
[Site "http://www.queenalice.com/game.php?id=950901"]
[Date "2011.6.17"]
[Round "-"]
[White "ztnilz"]
[Black "jcmlima"]
[Result "1-0"]
[WhiteElo "1879"]
[BlackElo "1722"]

1. e4 e5 2. Nf3 Nc6 3. c3 Bc5 4. b4 Bb6 5. Bc4 Nf6 6. Ng5 O-O 7. Qb3 Qe7 8. d3
h6 9. Nf3 d6 10. a4 a6 11. O-O Ng4 12. Bb2 Bxf2+ 13. Rxf2 Nxf2 14. Kxf2 Bg4 15.
Nbd2 Kh7 16. Rf1 Bxf3 17. Nxf3 Qf6 18. Kg1 a5 19. Nd2 Qg5 20. Bc1 axb4 21. Bxf7
bxc3 22. Qxc3 Rxa4 23. Nf3 Qg4 24. Bb3 Ra6 25. Bd1 Qg6 26. Be2 b5 27. Nh4 Rxf1+
28. Bxf1 Qf6 29. Nf5 b4 30. Qb3 g6 31. Nxh6 g5 32. Ng4 Qe7 33. Ne3 Nd4 34. Qd1
c5 35. Nd5 Qg7 36. Qh5+ Kg8 37. Bxg5 b3 38. Bf6 Qf7 39. Qh8# 1-0

[Event "Challenge"]
[Site "http://www.queenalice.com/game.php?id=950902"]
[Date "2011.6.17"]
[Round "-"]
[White "jcmlima"]
[Black "ztnilz"]
[Result "0-1"]
[WhiteElo "1733"]
[BlackElo "1849"]

1. e4 e5 2. Nf3 Qe7 3. Bc4 g6 4. d3 Bg7 5. Nc3 c6 6. O-O a5 7. a4 Nf6 8. Bg5 O-O
9. Bxf6 Bxf6 10. Qd2 d6 11. Ba2 Be6 12. b3 Nd7 13. Ne2 d5 14. c4 dxc4 15. dxc4
b6 16. h3 Nc5 17. Ng3 Rfd8 18. Qe3 Rd7 19. Rad1 Rad8 20. Rxd7 Rxd7 21. Qc3 Rd3
22. Qc2 Qd6 23. Ne2 Qd8 24. Nc3 Rd7 25. g4 Nd3 26. Ne1 Nf4 27. Kh2 h5 28. f3
Rd2+ 0-1

[Event "Challenge"]
[Site "http://www.queenalice.com/game.php?id=952174"]
[Date "2011.6.21"]
[Round "-"]
[White "jcmlima"]
[Black "FC"]
[Result "1/2-1/2"]
[WhiteElo "1739"]
[BlackElo "1585"]

1. e4 e5 2. Nf3 Nc6 3. Bb5 Nf6 4. Bxc6 dxc6 5. d3 Bb4+ 6. Bd2 Bxd2+ 7. Nbxd2 Bg4
8. Nc4 Nd7 9. h3 Bxf3 10. Qxf3 b5 11. Ne3 O-O 12. g4 Qf6 13. Qxf6 Nxf6 14. g5
Nh5 15. O-O-O Nf4 16. Rde1 a5 17. h4 Nh5 18. Ng4 c5 19. Nxe5 f6 20. Nc6 fxg5 21.
Ne7+ Kh8 22. hxg5 g6 23. Rh2 Rae8 24. Nc6 a4 25. e5 Nf4 26. Reh1 Nh5 27. d4 cxd4
28. Nxd4 Rxe5 29. Rf1 Rxg5 30. f4 Rxf4 31. Rxf4 Nxf4 32. c3 Rg1+ 33. Kc2 Rg2+
34. Rxg2 Nxg2 35. Nxb5 c5 36. Nd6 h5 37. Kd2 h4 38. Ne4 h3 39. Ng3 g5 40. Ke2 g4
41. Kf2 Kh7 42. b4 cxb4 43. cxb4 Kh6 44. b5 Nf4 45. b6 Nd3+ 46. Ke3 Nc5 47. Kf4
h2 48. Kxg4 Ne4 49. Nh1 Nf6+ 50. Kh3 Nd7 51. b7 Nb8 52. Kxh2 Kg7 53. Ng3 Kf7 54.
Ne4 Ke7 55. Nc5 Kd8 56. Kg3 Kc7 57. Kf4 Kb6 58. Nxa4+ Kxb7 59. Ke4 Ka6 60. Kd4
Kb5 61. Nb2 Kb4 62. a3+ Kxa3 63. Kc3 1/2-1/2

[Event "GamXYZ01"]
[Site "http://www.queenalice.com/game.php?id=976653"]
[Date "2011.8.25"]
[Round "-"]
[White "pjbrito"]
[Black "jcmlima"]
[Result "1-0"]
[WhiteElo "1604"]
[BlackElo "1703"]

1. e4 e5 2. Nf3 Nc6 3. Bb5 Nge7 4. d3 a6 5. Ba4 b5 6. Bb3 d5 7. Bg5 f6 8. exd5
Nxd5 9. Be3 Nxe3 10. fxe3 Bg4 11. Nbd2 Bxf3 12. Nxf3 Bc5 13. Qe2 Na5 14. Nd2
Nxb3 15. Nxb3 Bb6 16. O-O-O O-O 17. h4 c5 18. h5 b4 19. h6 g6 20. d4 exd4 21.
exd4 cxd4 22. Qc4+ Rf7 23. Nxd4 Bxd4 24. Rxd4 Qe7 25. Qxb4 Qxb4 26. Rxb4 Rd8 27.
g4 Re7 28. Rb6 Re4 29. Rg1 Rdd4 30. Rxf6 Rxg4 31. Rxg4 Rxg4 32. Rxa6 Rg1+ 33.
Kd2 Rh1 34. b4 Rxh6 35. b5 Rh2+ 36. Kc3 Rh3+ 37. Kb2 g5 38. b6 1-0

[Event "GamXYZ02"]
[Site "http://www.queenalice.com/game.php?id=976654"]
[Date "2011.8.25"]
[Round "-"]
[White "jcmlima"]
[Black "pjbrito"]
[Result "0-1"]
[WhiteElo "1683"]
[BlackElo "1624"]

1. e4 c5 2. Bc4 Nc6 3. d3 e6 4. Bf4 Qf6 5. Bc1 Nge7 6. Nf3 d5 7. exd5 exd5 8.
Bb5 Bd7 9. Bxc6 Bxc6 10. c3 c4 11. d4 O-O-O 12. O-O Ng6 13. Bg5 Qd6 14. Bxd8
Qxd8 15. b4 cxb3 16. axb3 Kb8 17. b4 Bd6 18. Qb3 Nf4 19. b5 Ne2+ 20. Kh1 Bd7 21.
Qa4 Qb6 22. g3 Bxb5 23. Qa5 Qxa5 24. Rxa5 Nxg3+ 25. fxg3 Bxf1 26. Rxd5 Rd8 27.
Ng5 Bc7 28. Rxd8+ Bxd8 29. Nxf7 Ba5 30. d5 Bd3 31. d6 Bxb1 32. d7 Be4+ 33. Kg1
a6 34. c4 Bc6 35. d8=Q+ Bxd8 36. Nxd8 Kc7 37. Ne6+ Kd6 38. Nxg7 Kc5 39. Nf5 Kxc4
40. Ne3+ Kd3 41. Ng4 a5 42. Ne5+ Kc3 0-1

[Event "U-2000 simul G/4"]
[Site "http://www.queenalice.com/game.php?id=982391"]
[Date "2011.9.7"]
[Round "-"]
[White "jcmlima"]
[Black "positionalgenius"]
[Result "0-1"]
[WhiteElo "1665"]
[BlackElo "1942"]

1. e4 c5 2. Bc4 d6 3. Nf3 e6 4. Nc3 a6 5. a4 Nf6 6. d3 Be7 7. Bg5 h6 8. Bxf6
Bxf6 9. O-O O-O 10. Qd2 Nc6 11. Ra3 Qc7 12. b3 Na5 13. Ne2 Nxc4 14. dxc4 Rb8 15.
c3 Rd8 16. b4 cxb4 17. cxb4 b5 18. cxb5 axb5 19. a5 Ba6 20. Rc1 Qb7 21. Ned4
Rbc8 22. Rac3 Rxc3 23. Rxc3 Qxe4 24. Rc6 Bb7 25. Rb6 Bxd4 26. Qxd4 Qb1+ 0-1

[Event "Challenge"]
[Site "http://www.queenalice.com/game.php?id=983132"]
[Date "2011.9.9"]
[Round "-"]
[White "joaoosil"]
[Black "jcmlima"]
[Result "0-1"]
[WhiteElo "1593"]
[BlackElo "1651"]

1. d4 d5 2. c4 dxc4 3. Nc3 e5 4. Nf3 exd4 5. Ne4 Bb4+ 6. Bd2 Bxd2+ 7. Nexd2 Be6
8. Nxc4 Bxc4 9. Nxd4 Nf6 10. Nf5 Qxd1+ 11. Rxd1 O-O 12. Ne7+ Kh8 13. Nf5 Bxa2
14. e3 Nc6 15. Be2 g6 16. Nh4 Rad8 17. O-O Rxd1 18. Rxd1 Rd8 19. Nf3 Bb3 20. Ra1
a5 21. Ng5 Kg7 22. h4 Rd2 23. Bf3 Rxb2 24. Bxc6 bxc6 25. Rxa5 Rb1+ 26. Kh2 Ng4+
27. Kg3 Nf6 28. Rc5 Bd5 29. Ra5 Ne4+ 30. Nxe4 Bxe4 31. Ra7 c5 32. Rxc7 Rc1 33.
f3 Bd5 34. Kf4 c4 35. Ke5 Rd1 36. e4 Be6 37. g4 Rd3 38. Kf4 c3 39. e5 h5 40. Ke4
Rd1 41. Rxc3 hxg4 42. fxg4 Bxg4 43. Kf4 Bf5 44. Kg3 Kh6 45. Rf3 Kh5 46. Rb3 Rh1
47. Rb4 Rh3+ 48. Kf2 Rxh4 49. Rxh4+ Kxh4 50. Ke3 g5 51. Kf3 g4+ 52. Kf4 Be6 0-1

[Event "Challenge"]
[Site "http://www.queenalice.com/game.php?id=1002831"]
[Date "2011.10.29"]
[Round "-"]
[White "jcmlima"]
[Black "zmanomega"]
[Result "1-0"]
[WhiteElo "1648"]
[BlackElo "1559"]

1. e4 e5 2. Nf3 d6 3. Bc4 Nc6 4. Nc3 Nh6 5. d3 Bg4 6. h3 Bxf3 7. Qxf3 f6 8. Bxh6
Qe7 9. Be3 Nb4 10. Bb3 O-O-O 11. a3 Nc6 12. Nb5 g6 13. Nxa7+ Nxa7 14. Bxa7 c5
15. Bb6 Bh6 16. Bxd8 Qxd8 17. a4 Qa5+ 18. c3 Rf8 19. Qg4+ Kc7 20. Qe6 b5 21.
Qe7+ Kb8 22. Qxd6+ Qc7 23. Qxc7+ Kxc7 24. axb5 Kb6 25. c4 Bg5 26. O-O Rb8 27.
Ra6+ Kb7 28. Rfa1 f5 29. Rc6 Bd8 30. Rxc5 Bc7 31. Ra6 Bb6 32. Rxe5 Bd8 33. c5
Ra8 34. Bd5+ Kb8 35. Bxa8 1-0

[Event "Let's Play Chess!"]
[Site "http://www.queenalice.com/game.php?id=1011180"]
[Date "2011.11.22"]
[Round "-"]
[White "jcmlima"]
[Black "silverado"]
[Result "0-1"]
[WhiteElo "1660"]
[BlackElo "1847"]

1. e4 e5 2. Nf3 Nc6 3. Bb5 Qf6 4. d3 h6 5. Bxc6 dxc6 6. Nc3 Bb4 7. Bd2 a5 8. a3
Bc5 9. Na4 Ba7 10. Bc3 Bg4 11. h3 Bxf3 12. Qxf3 Qxf3 13. gxf3 f6 14. Bd2 b5 15.
Nc3 Bd4 16. Rg1 g5 17. O-O-O Bxf2 18. Rg2 Bh4 19. Ne2 Ne7 20. Be3 b4 21. a4 Ng6
22. b3 O-O-O 23. Bc5 Rd7 24. Ng3 Nf4 25. Rgg1 Bxg3 26. Rd2 Bh4 27. Kb2 Ne6 28.
Be3 c5 29. Rgd1 Rf8 30. Bg1 Rfd8 31. Be3 Bg3 32. Rg1 Bf4 33. Bxf4 exf4 34. Rgd1
Nd4 35. Rf2 f5 36. exf5 Nxf5 37. Re2 Ne3 38. Rde1 Re8 39. c3 Rxd3 40. cxb4 cxb4
41. Rc1 Red8 42. Rc5 Nd1+ 43. Kc2 Rc3+ 44. Rxc3 bxc3 45. Re5 Rd2+ 46. Kc1 Ne3
0-1

[Event "Let's Play Chess!"]
[Site "http://www.queenalice.com/game.php?id=1046661"]
[Date "2012.4.8"]
[Round "-"]
[White "igorjava"]
[Black "jcmlima"]
[Result "0-1"]
[WhiteElo "1953"]
[BlackElo "1665"]

1. e4 e5 2. f4 d6 3. Nf3 Bg4 4. Bc4 Qd7 5. h3 Bxf3 6. Qxf3 Nf6 7. f5 Nc6 8. Bb5
a6 9. Bc4 Nd4 10. Qd3 b5 11. Bb3 Be7 12. c3 Nxb3 13. axb3 O-O 14. Qe2 d5 15. d3
dxe4 16. dxe4 Qc6 17. Nd2 Bc5 18. g4 h6 19. b4 Bb6 20. Kf1 g5 21. Kg2 Rfd8 22.
Re1 Kg7 23. Nb3 Qb7 24. Be3 Qxe4+ 25. Qf3 Qxf3+ 26. Kxf3 Bxe3 27. Rxe3 Nd5 28.
Rxe5 Nf4 29. Rh1 Rd3+ 30. Re3 Rxe3+ 31. Kxe3 Re8+ 32. Kd4 Ne2+ 33. Kd3 Ng3 34.
Rg1 Ne2 35. Rg2 Nf4+ 0-1